00341nam a22001097a 4500020000800000040001600008082002500024100001800049245006700067260004600134300005100180 qPB. cFIZZA ISHAQ a 720.2840285536bDUE a Duell, Ryan. a Autodesk Revit Architecture 2016 : essentials /c Ryan Duell. aCanada:b Autodesk Official Press,c2015. aP1053 xxiii, 375 pagesc9.1 x 7.4 x 0.8 inches